[Event "Budapest-chT1 Lilienthal 1112"]
[Site "Budapest"]
[Date "2012.04.29"]
[Round "11"]
[White "Palkovics, Laszlo"]
[Black "Karsai, Jozsef"]
[Result "1/2-1/2"]
[WhiteElo "1959"]
[BlackElo "1895"]
[PlyCount "23"]
[EventDate "2011.10.02"]
[EventType "team-tourn"]
[EventRounds "11"]
[EventCountry "HUN"]
[SourceTitle "EXT 2020"]
[Source "ChessBase"]
[SourceDate "2019.10.17"]
[SourceVersion "1"]
[SourceVersionDate "2019.10.17"]
[SourceQuality "1"]
[WhiteTeam "Budapest HUSI II"]
[BlackTeam "Penzugyor III"]
[WhiteTeamCountry "HUN"]
[BlackTeamCountry "HUN"]

1. e4 g6 2. d4 Bg7 3. f4 d6 4. Nf3 c5 5. dxc5 Qa5+ 6. Bd2 Qxc5 7. Bc3 Bxc3+ 8. Nxc3 Nc6 9. Qd2 Nf6 10. Bb5 0-0 11. Bd3 Bd7 12. 0-0-0 1/2-1/2

[Event "HUN-chT2 Breyer 0506"]
[Site "Hungary"]
[Date "2005.12.04"]
[Round "5"]
[White "Sandor, Jozsef"]
[Black "Palkovics, Laszlo"]
[Result "1/2-1/2"]
[WhiteElo "2175"]
[BlackElo "2012"]
[PlyCount "21"]
[EventDate "2005.10.16"]
[EventType "team"]
[EventRounds "11"]
[EventCountry "HUN"]
[SourceTitle "EXT 2009"]
[Source "ChessBase"]
[SourceDate "2008.11.26"]
[SourceVersion "1"]
[SourceVersionDate "2008.11.26"]
[SourceQuality "1"]
[WhiteTeam "MAFC"]
[BlackTeam "Husi II"]
[WhiteTeamCountry "HUN"]
[BlackTeamCountry "HUN"]

1. Nf3 Nf6 2. d4 g6 3. Nc3 d5 4. Bf4 c6 5. e3 Bg7 6. Be2 Bf5 7. Ne5 Ne4 8. Nxe4 dxe4 9. c3 Nd7 10. g4 Be6 11. Nxd7 1/2-1/2

[Event "HUN-chT2 Breyer 0405"]
[Site "Hungary"]
[Date "2005.04.24"]
[Round "11"]
[White "Vida, Daniel"]
[Black "Palkovics, Laszlo"]
[Result "1-0"]
[WhiteElo "2014"]
[BlackElo "1969"]
[PlyCount "63"]
[EventDate "2004.09.26"]
[EventType "team"]
[EventRounds "11"]
[EventCountry "HUN"]
[SourceTitle "EXT 2009"]
[Source "ChessBase"]
[SourceDate "2008.11.26"]
[SourceVersion "1"]
[SourceVersionDate "2008.11.26"]
[SourceQuality "1"]
[WhiteTeam "Barcza"]
[BlackTeam "Husi II"]
[WhiteTeamCountry "HUN"]
[BlackTeamCountry "HUN"]

1. d4 Nf6 2. Nf3 g6 3. Bg5 d6 4. e3 Bg7 5. Bd3 0-0 6. Nbd2 Nc6 7. c3 e5 8. 0-0 h6 9. Bxf6 Bxf6 10. Qc2 Bg7 11. dxe5 dxe5 12. Rad1 Qe7 13. Be4 Be6 14. Bxc6 bxc6 15. Qa4 c5 16. Nc4 e4 17. Nfd2 Bg4 18. Rde1 Rfd8 19. h3 Bxh3 20. gxh3 Qh4 21. Qc6 Qg5+ 22. Kh1 f5 23. Rg1 Qh4 24. Rg3 f4 25. Qxe4 Rf8 26. exf4 Rae8 27. Qd5+ Kh8 28. Rxe8 Rxe8 29. Qf7 Rd8 30. Qxg6 Rg8 31. Ne5 Qf6 32. Nf7+ 1-0

[Event "HUN-chT2 Breyer 0405"]
[Site "Hungary"]
[Date "2005.01.23"]
[Round "6"]
[White "Gal, Lajos"]
[Black "Palkovics, Laszlo"]
[Result "1-0"]
[WhiteElo "2129"]
[BlackElo "1969"]
[PlyCount "53"]
[EventDate "2004.09.26"]
[EventType "team"]
[EventRounds "11"]
[EventCountry "HUN"]
[SourceTitle "EXT 2009"]
[Source "ChessBase"]
[SourceDate "2008.11.26"]
[SourceVersion "1"]
[SourceVersionDate "2008.11.26"]
[SourceQuality "1"]
[WhiteTeam "Zoltek"]
[BlackTeam "Husi II"]
[WhiteTeamCountry "HUN"]
[BlackTeamCountry "HUN"]

1. f4 g6 2. Nf3 Bg7 3. d4 d6 4. e4 Nd7 5. Nbd2 c5 6. c3 a6 7. a4 Rb8 8. a5 b5 9. axb6 Qxb6 10. Nc4 Qc7 11. d5 Nb6 12. Nfd2 Nf6 13. Bd3 Bg4 14. Qc2 Nxc4 15. Nxc4 Bc8 16. 0-0 0-0 17. Ne3 Rb6 18. Qe2 e6 19. Qf3 exd5 20. exd5 Re8 21. Nc4 Rb8 22. f5 Nd7 23. fxg6 f6 24. Qh5 hxg6 25. Bxg6 Re7 26. Qh7+ Kf8 27. Bh6 1-0

[Event "IECG CF.2003.0.00047 email"]
[Site "IECG email"]
[Date "2003.05.20"]
[Round "?"]
[White "Palkovics, Laszlo"]
[Black "Mori, Roberto"]
[Result "1-0"]
[WhiteElo "1004"]
[BlackElo "1191"]
[PlyCount "47"]
[EventDate "2003.05.20"]
[EventType "tourn (corr)"]
[EventRounds "6"]
[SourceTitle "Corr 2008"]
[Source "ChessBase"]
[SourceDate "2008.06.24"]
[SourceVersion "1"]
[SourceVersionDate "2008.06.24"]
[SourceQuality "1"]

1. e4 c5 2. Nf3 Nf6 3. e5 Nd5 4. Nc3 Nxc3 5. dxc3 e6 6. Bf4 f6 7. exf6 Qxf6 8. Qd2 Nc6 9. 0-0-0 Be7 10. Bb5 0-0 11. Bxc6 dxc6 12. Bg5 Qf7 13. Bxe7 Qxe7 14. Rhe1 b6 15. Ne5 Bb7 16. Qd7 Qg5+ 17. Kb1 Bc8 18. Qxc6 Rb8 19. g3 Qf5 20. f4 Bb7 21. Qd6 Bd5 22. c4 Be4 23. Rxe4 Qxe4 24. Qxe6+ 1-0

[Event "IECG CF.2003.0.00047 email"]
[Site "IECG email"]
[Date "2003.05.20"]
[Round "?"]
[White "Palkovics, Laszlo"]
[Black "Weir, Robert C"]
[Result "1/2-1/2"]
[WhiteElo "1004"]
[BlackElo "1150"]
[PlyCount "62"]
[EventDate "2003.05.20"]
[EventType "tourn (corr)"]
[EventRounds "6"]
[SourceTitle "Corr 2008"]
[Source "ChessBase"]
[SourceDate "2008.06.24"]
[SourceVersion "1"]
[SourceVersionDate "2008.06.24"]
[SourceQuality "1"]

1. e4 d6 2. d4 Nf6 3. Nc3 g6 4. Be3 c6 5. Qd2 b5 6. Bd3 Nbd7 7. Nf3 e5 8. dxe5 dxe5 9. h3 Bb7 10. 0-0 Qc7 11. Ne2 Bg7 12. Ng3 a5 13. Bh6 0-0 14. Bxg7 Kxg7 15. Rad1 Rfd8 16. Qg5 Ba6 17. a4 Ng8 18. axb5 cxb5 19. Rd2 f6 20. Qe3 b4 21. Bxa6 Rxa6 22. Rfd1 Rc6 23. Ne1 Ne7 24. Qe2 Kf7 25. Rd3 Nc8 26. Nf5 a4 27. Qg4 h5 28. Nh6+ Kg7 29. Nf5+ Kf7 30. Nh6+ Kg7 31. Nf5+ Kf7 1/2-1/2

[Event "IECG C3.2000.0.00140"]
[Site "IECG email"]
[Date "2000.05.20"]
[Round "?"]
[White "Zimmermann, Jan Erik"]
[Black "Palkovics, Laszlo"]
[Result "1/2-1/2"]
[WhiteElo "1014"]
[BlackElo "1004"]
[PlyCount "30"]
[EventDate "2000.05.20"]
[EventType "tourn (corr)"]
[EventRounds "6"]
[SourceTitle "Corr 2008"]
[Source "ChessBase"]
[SourceDate "2008.06.24"]
[SourceVersion "1"]
[SourceVersionDate "2008.06.24"]
[SourceQuality "1"]

1. e4 c5 2. c3 e6 3. Nf3 d5 4. Qc2 Nc6 5. Bb5 Nge7 6. d4 a6 7. exd5 exd5 8. Bd3 c4 9. Be2 Ng6 10. 0-0 Be7 11. Re1 0-0 12. b3 b5 13. Nbd2 Be6 14. Nf1 Bf6 15. Ng3 Qd7 1/2-1/2

[Event "IECG CN.2000.0.00184"]
[Site "IECG email"]
[Date "2000.03.21"]
[Round "?"]
[White "Brown, Aldart"]
[Black "Palkovics, Laszlo"]
[Result "0-1"]
[WhiteElo "800"]
[BlackElo "992"]
[PlyCount "22"]
[EventDate "2000.03.21"]
[EventType "tourn (corr)"]
[EventRounds "6"]
[SourceTitle "Corr 2008"]
[Source "ChessBase"]
[SourceDate "2008.06.24"]
[SourceVersion "1"]
[SourceVersionDate "2008.06.24"]
[SourceQuality "1"]

1. e4 c5 2. Nf3 Nc6 3. Bb5 g6 4. d4 cxd4 5. Nxd4 Bg7 6. c3 Nxd4 7. cxd4 Qb6 8. Nc3 Qxd4 9. Nd5 Qxe4+ 10. Be3 Be5 11. 0-0 Nf6 0-1

[Event "IECG CN.2000.0.00184"]
[Site "IECG email"]
[Date "2000.03.21"]
[Round "?"]
[White "Palkovics, Laszlo"]
[Black "Rozanski, Robert"]
[Result "1/2-1/2"]
[WhiteElo "992"]
[BlackElo "890"]
[PlyCount "33"]
[EventDate "2000.03.21"]
[EventType "tourn (corr)"]
[EventRounds "6"]
[SourceTitle "Corr 2008"]
[Source "ChessBase"]
[SourceDate "2008.06.24"]
[SourceVersion "1"]
[SourceVersionDate "2008.06.24"]
[SourceQuality "1"]

1. e4 d6 2. d4 Nf6 3. Nc3 g6 4. f4 Bg7 5. Nf3 0-0 6. Bd3 Nc6 7. h3 Nb4 8. 0-0 Nxd3 9. Qxd3 d5 10. e5 Bf5 11. Qb5 Ne4 12. Qxd5 Nxc3 13. Qxd8 Ne2+ 14. Kf2 Raxd8 15. Kxe2 Bxc2 16. b3 Be4 17. Bb2 1/2-1/2

[Event "IECG CN.2000.0.00184"]
[Site "IECG email"]
[Date "2000.03.21"]
[Round "?"]
[White "Schindler, Sven"]
[Black "Palkovics, Laszlo"]
[Result "1-0"]
[WhiteElo "800"]
[BlackElo "992"]
[PlyCount "38"]
[EventDate "2000.03.21"]
[EventType "tourn (corr)"]
[EventRounds "6"]
[SourceTitle "Corr 2008"]
[Source "ChessBase"]
[SourceDate "2008.06.24"]
[SourceVersion "1"]
[SourceVersionDate "2008.06.24"]
[SourceQuality "1"]

1. c4 e6 2. Nc3 Nf6 3. d4 d5 4. cxd5 exd5 5. Bg5 Be7 6. e3 0-0 7. Bd3 Nbd7 8. Nge2 c6 9. Qc2 Re8 10. 0-0 Nf8 11. f3 h6 12. Bh4 Nh5 13. Bf2 Bg5 14. e4 Ne6 15. g3 Be7 16. e5 g6 17. Be3 Kh7 18. f4 c5 19. f5 Nf8 1-0

[Event "IECG CP.1999.P.00024"]
[Site "IECG email"]
[Date "1999.10.01"]
[Round "?"]
[White "Gosme, Emile"]
[Black "Palkovics, Laszlo"]
[Result "1/2-1/2"]
[WhiteElo "1679"]
[BlackElo "900"]
[PlyCount "44"]
[EventDate "1999.10.01"]
[EventType "tourn (corr)"]
[EventRounds "6"]
[EventCountry "NED"]
[SourceTitle "Corr 2008"]
[Source "ChessBase"]
[SourceDate "2008.06.24"]
[SourceVersion "1"]
[SourceVersionDate "2008.06.24"]
[SourceQuality "1"]

1. d4 Nf6 2. Bg5 Ne4 3. Bh4 g5 4. f3 gxh4 5. fxe4 c5 6. e3 Qb6 7. Nc3 e6 8. Qd2 Bh6 9. Nf3 Qxb2 10. Rb1 Qa3 11. Rb3 Qa5 12. Rb5 Qa3 13. Rxc5 Na6 14. Bxa6 bxa6 15. Nxh4 Bb7 16. 0-0 Bxe4 17. Qf2 0-0 18. Kh1 Bg6 19. e4 Rac8 20. Nb1 Qe3 21. Nxg6 fxg6 22. Rxc8 Qxf2 1/2-1/2